Gounod / (Record no. 30751)

MARC details
000 -LEADER
campo de control de longitud fija 00602nam a2200217 i 4500
001 - NÚMERO DE CONTROL
campo de control 30751
003 - IDENTIFICADOR DE NÚMERO DE CONTROL
campo de control ES-MaACL
005 - FECHA Y HORA DE LA ÚLTIMA TRANSACCIÓN
campo de control 20230906154240.0
007 - CAMPO FIJO DE DESCRIPCIÓN FÍSICA--INFORMACIÓN GENERAL
campo de control de longitud fija t|
008 - DATOS DE LONGITUD FIJA--INFORMACIÓN GENERAL
campo de control de longitud fija 030127s1911 fr ||||1| fre d
100 1# - ENTRADA PRINCIPAL--NOMBRE DE PERSONA
Nombre de persona Bellaigue, Camille.
9 (RLIN) 27189
245 10 - MENCIÓN DEL TÍTULO
Título Gounod /
Mención de responsabilidad, etc. par Camille Bellaigue.
250 ## - MENCION DE EDICION
Mención de edición 2eme ed.
260 ## - PUBLICACIÓN, DISTRIBUCIÓN, ETC.
Lugar de publicación, distribución, etc. París :
Nombre del editor, distribuidor, etc. Félix Alcan,
Fecha de publicación, distribución, etc. 1911 (
Lugar de fabricación/manufactura Evreux :
Fabricante Hérissey)
300 ## - DESCRIPCIÓN FÍSICA
Extensión 240 p. ;
Dimensiones 21 cm.
490 1# - MENCIÓN DE SERIE
Mención de serie Les maitres de la musique
830 0# - PUNTO DE ACCESO ADICIONAL DE SERIE-TÍTULO UNIFORME
Título uniforme Les maitres de la musique
9 (RLIN) 181366
852 ## - LOCALIZACIÓN
Ubicación ES-MaACL
Número de control de estantería L-597
852 ## - LOCALIZACIÓN
Ubicación ES-MaACL
Número de control de estantería F-2829
Holdings
Estatus retirado Estado de pérdida Estado de daño No para préstamo Biblioteca de origen Biblioteca actual Ubicación en estantería Fecha de adquisición Fuente de adquisición Total de préstamos Signatura topográfica completa Código de barras Visto por última vez Precio de reemplazo Tipo de ítem Koha
        Biblioteca del Ateneo de Madrid Biblioteca del Ateneo de Madrid Depósito 2 17/01/2008     F-2829 1031764 23/02/2023 23/02/2023 Libro impreso
        Biblioteca del Ateneo de Madrid Biblioteca del Ateneo de Madrid Depósito 2 17/01/2008     L-597 1031763 23/02/2023 23/02/2023 Libro impreso